| 000 | 00812nam a2200253Ia 4500 | ||
|---|---|---|---|
| 003 | OSt | ||
| 005 | 20220928114154.0 | ||
| 006 | a|||||r|||| 00| 0 | ||
| 007 | ta | ||
| 008 | 220927b |||||||| |||| 00| 0 eng d | ||
| 024 | _a74000 | ||
| 037 | _cTextual | ||
| 040 |
_aSDCL _cSDCL _beng |
||
| 041 |
_2eng _aeng |
||
| 082 | _aD661,8:45, L1 | ||
| 100 |
_aAmbrosovich V D Ed. _9437282 |
||
| 245 | 0 | _aAutomatic control of power systems and electric equipment. | |
| 260 |
_aJerusalem _bIsrael Program For Scientific Translations _c1971 |
||
| 300 |
_aviii,287p _ccm. |
||
| 490 | _aAcademy of sciences of the USSR Institute of electromachanics. | ||
| 650 |
_aAutomatic Control-Electrical Circuits _9437283 |
||
| 942 |
_hD661,8:45, L1 _cTEXL _2CC |
||
| 999 |
_c753236 _d753236 |
||